000 00291nam a22001337a 4500
008 180314b xxu||||| |||| 00| 0 eng d
020 _a9780136436775
041 _aeng
080 _26 ed
_a54
100 _a12
101 _akim
245 _aorganic chemistry
_cboyd.m
942 _2udc
_cBK
999 _c45015
_d45015